00430 2200169 4500001002100000005001500021035002000036007000300056008004100059020000600100082001200106084001600118245005700134250000600191260005100197300001200248INLIS00000000000219620260415035634 a0010-0426000027ta260415 g 0 ind  a- a636.085 a636.085 SNI aSNI 7994:2024 Bahan Pakan - Tepung Daging dan Tulang a- aJakarta :bBadan Standardisasi Nasional,c2024 a13 hlm.